00725nam a2200241 a 4500001001300000003000900013005001700022008004100039020002500080082001800105100002100123245003700144260004900181300000900230500003500239505001000274650002900284700002100313902000800334942000700342952011900349999001500468nice12345678IN_TiNIC20260116012257.0050524s1984 lona grp 000 0 eng  a0835676 c365.700a291.211bSCH1 aSchuon, Frithjof aTranscendent Unity of Religions. aLondonbTheosophical Publishing House c1984 a173p aincludes index and biblioraphy2 aIndex aComparative Religion-God1 aSchuon, Frithjof bSRS cBK 001040708StackRoom-aHMIbHMId2007-07-19g365.70l0o291.211 SCH1p014856r2007-07-19v365.70w2005-05-24yBK c6357d6357